NLSUI OPAC header image

Adoption law : an analysis of transgender and same sex couple adoption rights (Record no. 217561)

MARC details
000 -LEADER
fixed length control field 00714nam a2200145Ia 4500
005 - DATE AND TIME OF LATEST TRANSACTION
control field 20260209120146.0
008 - FIXED-LENGTH DATA ELEMENTS--GENERAL INFORMATION
fixed length control field 260209s9999||||xx |||||||||||||| ||und||
100 ## - MAIN ENTRY--PERSONAL NAME
Personal name Sneha S K
245 #0 - TITLE STATEMENT
Title Adoption law : an analysis of transgender and same sex couple adoption rights
260 ## - PUBLICATION, DISTRIBUTION, ETC.
Place of publication, distribution, etc. BangaloreBangalore
Name of publisher, distributor, etc. NLSIU, Bangalore
Date of publication, distribution, etc. 2022
300 ## - PHYSICAL DESCRIPTION
Extent 38 p. ; 25 cm.
505 ## - FORMATTED CONTENTS NOTE
Formatted contents note Adoption Laws - India Adoption laws - South Africa - New Zealand - India Juvenile Justice (Care and Protection) Act, 2015 - Necessary Amendments Legal Framework of Adoption Law - India
700 ## - ADDED ENTRY--PERSONAL NAME
Personal name Prof. Dr. Sarasu Esther Thomas - SupervisorProf. Dr. Sarasu Esther Thomas - Supervisor
856 ## - ELECTRONIC LOCATION AND ACCESS
Uniform Resource Identifier <a href="https://dans.nls.ac.in/handle/123456789/1163">https://dans.nls.ac.in/handle/123456789/1163</a>
Holdings
Withdrawn status Lost status Damaged status Not for loan Home library Current library Date acquired Total Checkouts Barcode Date last seen Price effective from Koha item type
        . . 09.02.2026   LLM927 09.02.2026 09.02.2026 Dissertation